Solve the Secret Country #1 - Statistics

General Stats
  • This quiz has been taken 163,073 times
    157,309 since last reset
  • The average score is 14 of 27
Answer Stats
Scramble Country % Correct
ABCU Cuba
100%
AIRSY Syria
96%
CEHIL Chile
94%
ANRUU Nauru
84%
AAMOS Samoa
83%
AAILMOS Somalia
81%
ADEKMNR Denmark
64%
ADHNORSU Honduras
62%
BEINRU Brunei
59%
AAGLNO Angola
57%
AEIMNTV Vietnam
57%
AABNOSTW Botswana
53%
ABBEIMWZ Zimbabwe
52%
ABEIRS Serbia
46%
AAGNUY Guyana
44%
AAEGINNRT Argentina
41%
ACDEILN Iceland
34%
ABELRSU Belarus
30%
AADEGNR Grenada
29%
AABIIMN Namibia
29%
AANTUUV Vanuatu
29%
ABIIIKRT Kiribati
27%
AEILRS Israel
26%
EEGMNNOORT Montenegro
26%
AABDEGHLNS Bangladesh
23%
CEEEHIILNNSTT Liechtenstein
17%
Secret Country SURINAME
15%
No matching quizzes found
Score Distribution
Percent of People with Each Score
Percentile by Number Answered
Your Score History
You have not taken this quiz since the last reset